[Event "21st Open"]
[Site "Oberwart"]
[Date "1999.07.13"]
[Round "4.19"]
[White "GOLUBOVIC, Boris"]
[Black "FUCHS, Georg"]
[Result "1-0"]
[WhiteElo "2457"]
[BlackElo "2194"]
[PlyCount "53"]
[EventDate "1999.07.13"]

1. Nf3 Nf6 2. c4 c5 3. Nc3 g6 4. e4 d6 5. d4 cxd4 6. Nxd4 Bg7 7. Be2 O-O 8. O-O
Nc6 9. Be3 Bd7 10. Qd2 Ng4 11. Nxc6 bxc6 12. Bxg4 Bxg4 13. Bh6 Rb8 14. Bxg7
Kxg7 15. b3 Be6 16. Qd4+ Kg8 17. Qxa7 Ra8 18. Qe3 Ra3 19. Rac1 Qa5 20. f4 f6
21. h3 Rb8 22. Rf2 Rb4 23. e5 dxe5 24. fxe5 f5 25. Rcc2 Kg7 26. Nb1 Qa7 27. Qe1
1-0

[Event "21st Open"]
[Site "Oberwart"]
[Date "1999.07.13"]
[Round "4.20"]
[White "MARTINOVIC, Slobodan"]
[Black "STEINER, Bruno"]
[Result "1-0"]
[WhiteElo "2445"]
[BlackElo "2175"]
[PlyCount "103"]
[EventDate "1999.07.13"]

1. Nf3 d5 2. g3 Nf6 3. Bg2 c6 4. b3 Bg4 5. Ba3 Nbd7 6. O-O Qc7 7. d4 Bxf3 8.
exf3 O-O-O 9. Bb2 Kb8 10. Re1 e6 11. Nd2 g5 12. c4 h5 13. Nf1 h4 14. Ne3 hxg3
15. hxg3 Bd6 16. Qe2 Nf8 17. c5 Be7 18. b4 Ng6 19. b5 Nh5 20. bxc6 bxc6 21. Bc3
Ka8 22. Qa6 Rb8 23. Rab1 Rxb1 24. Rxb1 Rb8 25. Rxb8+ Kxb8 26. Nc2 Qb7 27. Qa4
Qb5 28. Qxb5+ cxb5 29. Bf1 a6 30. a4 bxa4 31. Bxa6 Ng7 32. Bb5 a3 33. Nxa3 e5
34. Nc2 f5 35. Bd7 Nf8 36. Bc6 Nge6 37. dxe5 Bxc5 38. Bxd5 f4 39. Kg2 Nc7 40.
Bc4 Nfe6 41. Nb4 Kc8 42. Nd3 fxg3 43. fxg3 Be3 44. Kh3 Nd4 45. Kg4 Nce6 46. Nb4
Kd7 47. Nd5 Bf2 48. Nf6+ Ke7 49. Bb4+ Kf7 50. Ne4 Nc6 51. Bc3 Bd4 52. Bxd4 1-0

[Event "21st Open"]
[Site "Oberwart"]
[Date "1999.07.13"]
[Round "4.21"]
[White "WADSACK, Wolfgang"]
[Black "DANNER, Georg"]
[Result "0-1"]
[WhiteElo "2178"]
[BlackElo "2405"]
[PlyCount "88"]
[EventDate "1999.07.13"]

1. e4 c5 2. c3 Nf6 3. e5 Nd5 4. d4 cxd4 5. cxd4 e6 6. a3 b6 7. Nf3 Be7 8. Bd3
Ba6 9. O-O Qc8 10. Qe2 Bxd3 11. Qxd3 O-O 12. Bd2 Qa6 13. Qxa6 Nxa6 14. Rc1 Rfc8
15. Nc3 Nxc3 16. Rxc3 Rxc3 17. Bxc3 Rc8 18. Kf1 d6 19. Ke2 f6 20. Rd1 Kf7 21.
exd6 Bxd6 22. Nd2 Nc7 23. g3 Nd5 24. Kd3 b5 25. Ne4 Be7 26. b4 Rc4 27. Bb2 a5
28. bxa5 Ra4 29. Nc3 Rxa5 30. Nxd5 exd5 31. Ra1 h5 32. Kc3 Ra6 33. Kb3 Re6 34.
Rc1 Kg6 35. Rc7 h4 36. gxh4 f5 37. Rb7 Bxh4 38. Rxb5 Bxf2 39. Rxd5 f4 40. Rd7
Rb6+ 41. Kc2 f3 42. Bc3 Bh4 43. d5 f2 44. Rxg7+ Kf5 0-1

[Event "21st Open"]
[Site "Oberwart"]
[Date "1999.07.13"]
[Round "4.22"]
[White "LENDWAI, Reinhard"]
[Black "DEUTSCH, Ludwig"]
[Result "1/2-1/2"]
[WhiteElo "2371"]
[BlackElo "2173"]
[PlyCount "25"]
[EventDate "1999.07.13"]

1. e4 c5 2. Nf3 Nc6 3. d4 cxd4 4. Nxd4 g6 5. c4 Bg7 6. Nc2 d6 7. Be2 Nf6 8. Nc3
Nd7 9. Bd2 a5 10. O-O O-O 11. Rb1 Nc5 12. b3 Be6 13. Bf3 {.} 1/2-1/2

[Event "21st Open"]
[Site "Oberwart"]
[Date "1999.07.13"]
[Round "4.23"]
[White "WITTMANN, Walter"]
[Black "ZUSER, Franz"]
[Result "1-0"]
[WhiteElo "2364"]
[BlackElo "2159"]
[PlyCount "85"]
[EventDate "1999.07.13"]

1. e4 c5 2. Nf3 Nc6 3. d4 cxd4 4. Nxd4 g6 5. Nc3 Bg7 6. Be3 d6 7. Qd2 Nf6 8. f3
Bd7 9. g4 O-O 10. h4 h5 11. g5 Ne8 12. O-O-O Rc8 13. Kb1 Nc7 14. f4 a6 15. Rh2
Bg4 16. Re1 Nxd4 17. Bxd4 Bxd4 18. Qxd4 Ne6 19. Qd2 Rxc3 20. Qxc3 Nxf4 21. Rd2
Qb6 22. e5 Rc8 23. Qe3 Qxe3 24. Rxe3 dxe5 25. Rxe5 Kf8 26. Re4 Ne6 27. Rc4 Rxc4
28. Bxc4 Nf4 29. Rd8+ Kg7 30. Bd5 Nxd5 31. Rxd5 f5 32. Re5 Kf7 33. Kc1 Ke8 34.
Kd2 Kd7 35. Ke3 Kd6 36. Kf4 Bd1 37. c4 e6 38. b4 Ba4 39. Re2 Bc6 40. Rd2+ Ke7
41. Ke5 Bd7 42. Rd6 f4 43. Rd3 1-0

[Event "21st Open"]
[Site "Oberwart"]
[Date "1999.07.13"]
[Round "4.24"]
[White "GAERTNER, Guntram"]
[Black "ARWANITAKIS, Michael"]
[Result "1/2-1/2"]
[WhiteElo "2336"]
[BlackElo "2155"]
[PlyCount "51"]
[EventDate "1999.07.13"]

1. d4 Nf6 2. c4 g6 3. Nc3 Bg7 4. e4 d6 5. h3 O-O 6. Be3 Na6 7. Bd3 c6 8. Nge2
e5 9. d5 Nc5 10. Bc2 cxd5 11. cxd5 a5 12. a3 Ne8 13. b4 axb4 14. axb4 Rxa1 15.
Qxa1 Na6 16. Qa3 f5 17. b5 f4 18. Ba7 Nc5 19. Bxc5 dxc5 20. Qxc5 f3 21. gxf3
Rxf3 22. b6 Bf8 23. d6 Bxd6 24. Qc4+ Kh8 25. Bb3 Ng7 26. Nd5 {.} 1/2-1/2

[Event "21st Open"]
[Site "Oberwart"]
[Date "1999.07.13"]
[Round "4.25"]
[White "HAMBERGER, Hermann"]
[Black "ZSINKA, Laszlo"]
[Result "0-1"]
[WhiteElo "2175"]
[BlackElo "2329"]
[PlyCount "60"]
[EventDate "1999.07.13"]

1. e4 e5 2. f4 exf4 3. Nf3 g5 4. h4 g4 5. Ne5 d6 6. Nxg4 Nf6 7. Nxf6+ Qxf6 8.
Nc3 c6 9. Be2 Na6 10. Bf3 Bd7 11. d4 O-O-O 12. Ne2 Bh6 13. Bd2 Qg7 14. Bc3 d5
15. e5 Rhe8 16. Qd3 f6 17. O-O-O Qf7 18. b4 Nc7 19. a4 Kb8 20. Kb2 Na8 21. exf6
Re3 22. Qd2 Nb6 23. Kb3 Qxf6 24. Qc1 Bf5 25. Rhf1 Qe6 26. Rf2 Be4 27. Ng1 Nxa4
28. Kxa4 Rxc3 29. Ne2 b5+ 30. Ka5 Qd6 0-1

[Event "21st Open"]
[Site "Oberwart"]
[Date "1999.07.13"]
[Round "4.26"]
[White "GLADYSZEV, Oleg"]
[Black "STEINERT, Martin"]
[Result "1-0"]
[WhiteElo "2329"]
[BlackElo "2142"]
[PlyCount "84"]
[EventDate "1999.07.13"]

1. d4 d5 2. c4 c6 3. Nf3 Nf6 4. Nc3 e6 5. Bg5 Nbd7 6. cxd5 exd5 7. e3 Be7 8.
Bd3 O-O 9. Qc2 Re8 10. h3 Ne4 11. Bxe4 dxe4 12. Nxe4 Qa5+ 13. Kf1 Qf5 14. Rc1
Bxg5 15. Nfxg5 Nb6 16. h4 h6 17. g4 Qb5+ 18. Kg1 hxg5 19. Nd6 Qd5 20. Nxe8 Qe6
21. Rh2 Qxe8 22. hxg5 g6 23. Kg2 Bxg4 24. f3 Nd5 25. Qd3 Bh5 26. Kf2 Qe7 27. e4
Nf4 28. Qe3 Ne6 29. d5 Nxg5 30. Rg1 Nxf3 31. Rxh5 Nxg1 32. Rh2 cxd5 33. Qd4 f6
34. Qxd5+ Kg7 35. Qd2 Rd8 36. Qh6+ Kf7 37. Qh7+ Ke8 38. Qxg6+ Kd7 39. Rh7 Nh3+
40. Kg3 Ng5 41. Rxe7+ Kxe7 42. e5 Rd3+ 1-0

[Event "21st Open"]
[Site "Oberwart"]
[Date "1999.07.13"]
[Round "4.27"]
[White "FRICK, Guenter"]
[Black "TITZ, Heimo"]
[Result "0-1"]
[WhiteElo "2165"]
[BlackElo "2310"]
[PlyCount "68"]
[EventDate "1999.07.13"]

1. e4 c5 2. Nf3 Nc6 3. d4 cxd4 4. Nxd4 Nf6 5. Nc3 d6 6. Be2 e5 7. Nb3 Be7 8. g4
h6 9. Rg1 Be6 10. h4 d5 11. g5 hxg5 12. exd5 Nxd5 13. Nxd5 Qxd5 14. Qxd5 Bxd5
15. hxg5 a5 16. c3 a4 17. Nd2 Bc5 18. Nf1 Ke7 19. Be3 Bxe3 20. Nxe3 Be6 21. Bc4
Rh4 22. Bxe6 Kxe6 23. Rd1 Ra5 24. Rd2 e4 25. Nc4 Rc5 26. Nd6 a3 27. g6 f5 28.
Ne8 axb2 29. Nxg7+ Ke5 30. Rxb2 Rxc3 31. Rb5+ Kf6 32. Nxf5 Rhh3 33. Ne3 Rc1+
34. Nd1 Rd3 0-1

[Event "21st Open"]
[Site "Oberwart"]
[Date "1999.07.13"]
[Round "4.28"]
[White "KAMARYT, Thomas"]
[Black "PINGITZER, Harald"]
[Result "0-1"]
[WhiteElo "2140"]
[BlackElo "2308"]
[PlyCount "24"]
[EventDate "1999.07.13"]

1. d4 d5 2. c4 c6 3. Nc3 e6 4. Nf3 dxc4 5. e3 b5 6. a4 Bb4 7. Bd2 Qb6 8. Ne5
Nf6 9. b3 Nd5 10. Qc2 Bxc3 11. Bxc3 f6 12. axb5 cxb3 0-1

[Event "21st Open"]
[Site "Oberwart"]
[Date "1999.07.13"]
[Round "4.29"]
[White "KREBS, Johann"]
[Black "POSTL, Anton"]
[Result "1/2-1/2"]
[WhiteElo "2130"]
[BlackElo "2303"]
[PlyCount "61"]
[EventDate "1999.07.13"]

1. d4 Nf6 2. c4 g6 3. Nf3 Bg7 4. g3 O-O 5. Bg2 d5 6. cxd5 Nxd5 7. O-O Nc6 8. e4
Nb6 9. d5 Na5 10. Qe1 Nac4 11. Nc3 c6 12. b3 Na5 13. Ba3 cxd5 14. exd5 Nxd5 15.
Nxd5 Qxd5 16. Bxe7 Re8 17. Rd1 Qe6 18. Rd8 Rxd8 19. Bxd8 Nc6 20. Bc7 h6 21. Qd2
Qe7 22. Bd6 Qf6 23. Re1 Be6 24. Ne5 Nxe5 25. Bxe5 Qe7 26. Bxg7 Kxg7 27. Bd5 Rd8
28. Qc3+ Qf6 29. Qxf6+ Kxf6 30. Bxe6 Re8 31. Rc1 {.} 1/2-1/2

[Event "21st Open"]
[Site "Oberwart"]
[Date "1999.07.13"]
[Round "4.30"]
[White "ZELENIKA, Srdjan"]
[Black "PETROCZI, Thomas"]
[Result "0-1"]
[WhiteElo "2286"]
[BlackElo "2140"]
[PlyCount "100"]
[EventDate "1999.07.13"]

1. e4 c6 2. d4 d5 3. Nd2 dxe4 4. Nxe4 Bf5 5. Ng3 Bg6 6. h4 h6 7. h5 Bh7 8. f4
e6 9. Nf3 Nd7 10. Bd3 Bxd3 11. Qxd3 Qc7 12. Ne5 Ngf6 13. Bd2 c5 14. O-O-O cxd4
15. Qxd4 Bc5 16. Qa4 O-O 17. Nxd7 Nxd7 18. Rh3 Nb6 19. Qe4 Rfd8 20. f5 Rd4 21.
Qe2 Re8 22. f6 Nd5 23. Ne4 Qe5 24. Qb5 Rc8 25. Nxc5 Nxf6 26. Re1 Qxc5 27. Qb3
Qd5 28. Qxd5 Rxd5 29. Bc3 Rxh5 30. Rg3 Rg5 31. Rxg5 hxg5 32. Re5 Nd5 33. Bd4
Nf4 34. Bc3 f6 35. Rb5 Rc7 36. g4 Ne2+ 37. Kd2 Nxc3 38. bxc3 Kf7 39. Kd3 g6 40.
c4 f5 41. Rb1 e5 42. Rh1 Kf6 43. gxf5 gxf5 44. Rh6+ Kg7 45. Rd6 Re7 46. c5 e4+
47. Ke2 f4 48. c6 bxc6 49. Rxc6 g4 50. Rc5 Kf6 0-1

[Event "21st Open"]
[Site "Oberwart"]
[Date "1999.07.14"]
[Round "5.2"]
[White "BALINOV, Ilia"]
[Black "DVOIRYS, Semen"]
[Result "1-0"]
[WhiteElo "2448"]
[BlackElo "2590"]
[PlyCount "57"]
[EventDate "1999.07.14"]

1. e4 c5 2. Nf3 d6 3. d4 cxd4 4. Nxd4 Nf6 5. Nc3 a6 6. Rg1 e6 7. g4 d5 8. e5
Ne4 9. Nxe4 dxe4 10. Be3 Nd7 11. Bg2 Nxe5 12. Qe2 Qd5 13. O-O-O Qxa2 14. Nb3
Nf3 15. Bxf3 exf3 16. Qd2 f6 17. Qd8+ Kf7 18. g5 f5 19. g6+ hxg6 20. Qc7+ Be7
21. Rxg6 Kxg6 22. Qxe7 Rxh2 23. Rg1+ Rg2 24. Qe8+ Kf6 25. Bd4+ Kg5 26. Qe7+ Kf4
27. Qc7+ Kg4 28. Qxg7+ Kf4 29. Be3+ 1-0

[Event "21st Open"]
[Site "Oberwart"]
[Date "1999.07.14"]
[Round "5.3"]
[White "EINGORN, Vereslav"]
[Black "KOUTSIN, Sergej"]
[Result "1-0"]
[WhiteElo "2589"]
[BlackElo "2415"]
[PlyCount "157"]
[EventDate "1999.07.14"]

1. c4 Nf6 2. Nf3 e6 3. Nc3 d5 4. d4 Be7 5. Bg5 O-O 6. e3 Nbd7 7. Qc2 h6 8. Bh4
a6 9. Rd1 dxc4 10. Bxc4 b5 11. Be2 Bb7 12. a3 b4 13. axb4 Bxb4 14. O-O Qb8 15.
Ne5 Bd6 16. Nc4 c5 17. Nxd6 Qxd6 18. Bg3 Qe7 19. dxc5 Qxc5 20. Qb3 Bc6 21. Rd4
e5 22. Rc4 Qd6 23. Rd1 Qe6 24. Qc2 Rfc8 25. h3 Bb7 26. Qb3 Nc5 27. Qa2 a5 28.
Qa3 Nfd7 29. Na4 Ba6 30. Nxc5 Nxc5 31. Rxc5 Bxe2 32. Rxe5 Qc4 33. Re1 a4 34.
Rf5 Qd3 35. Rf4 Qxa3 36. bxa3 Bc4 37. Rd4 Bb3 38. Bd6 Rc2 39. Bb4 Rac8 40. h4
Ra2 41. h5 Rc6 42. Rf4 Rac2 43. Rd1 Rc1 44. Rxc1 Rxc1+ 45. Kh2 Rc4 46. e4 Rd4
47. Kg3 Be6 48. f3 Rc4 49. Rh4 Rc2 50. Rh1 Bb3 51. Rg1 f6 52. Kf4 Kf7 53. g4
Rc7 54. Re1 Ke6 55. Re3 Bc2 56. Re2 Bb3 57. Rd2 Kf7 58. Rd8 Ke6 59. Ke3 Kf7 60.
f4 g6 61. hxg6+ Kxg6 62. f5+ Kf7 63. Rd6 Bc2 64. Rd4 Bb3 65. Ba5 Rc6 66. Rd7+
Kg8 67. Bb4 Bc2 68. Kd4 Bd1 69. Kd5 Ra6 70. Bd6 Bb3+ 71. Kd4 Bd1 72. e5 fxe5+
73. Bxe5 Kf8 74. f6 Bxg4 75. Bd6+ Ke8 76. Re7+ Kd8 77. Bc7+ Kc8 78. f7 Rf6 79.
Be5 1-0

[Event "21st Open"]
[Site "Oberwart"]
[Date "1999.07.14"]
[Round "5.4"]
[White "ULYBIN, Mikhail"]
[Black "JURKOVIC, Hrvoje"]
[Result "1-0"]
[WhiteElo "2562"]
[BlackElo "2370"]
[PlyCount "113"]
[EventDate "1999.07.14"]

1. e4 c5 2. Nf3 a6 3. c4 e6 4. Nc3 Nc6 5. d4 cxd4 6. Nxd4 d6 7. Be2 Bd7 8. Be3
Rc8 9. Qd2 Nf6 10. f4 e5 11. Nf5 Bxf5 12. exf5 exf4 13. Bxf4 Ne5 14. O-O Be7
15. b3 O-O 16. Kh1 h6 17. Rad1 Qc7 18. Nd5 Nxd5 19. Qxd5 Rfd8 20. c5 Qxc5 21.
Qxb7 Rc7 22. b4 Qc3 23. Qb6 Rcc8 24. Bxa6 Rb8 25. Qa7 Bg5 26. Bxg5 hxg5 27. b5
g4 28. Rxd6 g3 29. Rfd1 Re8 30. Qd4 Qc2 31. hxg3 Qxf5 32. Rd5 Re6 33. Kg1 Rbe8
34. b6 Qg5 35. Rxe5 Rxe5 36. b7 Qxg3 37. Qf2 Re1+ 38. Rxe1 Rxe1+ 39. Bf1 Qxf2+
40. Kxf2 Rb1 41. Ba6 Kf8 42. a4 Rb6 43. a5 Rb2+ 44. Ke3 Ke7 45. Bb5 Rxb5 46. a6
Ke6 47. a7 Rb3+ 48. Kd4 Rxb7 49. a8=Q Rd7+ 50. Ke4 f5+ 51. Ke3 g5 52. Qe8+ Re7
53. Qg6+ Kd5+ 54. Kd3 Re5 55. Qxg5 Ke6 56. Qg6+ Kd5 57. Qf6 1-0

[Event "21st Open"]
[Site "Oberwart"]
[Date "1999.07.14"]
[Round "5.5"]
[White "WEISS, Christian"]
[Black "GALKIN, Alexander"]
[Result "0-1"]
[WhiteElo "2444"]
[BlackElo "2535"]
[PlyCount "80"]
[EventDate "1999.07.14"]

1. Nf3 d5 2. g3 Nf6 3. Bg2 g6 4. O-O Bg7 5. d4 O-O 6. c4 c6 7. Ne5 dxc4 8. Nxc4
Be6 9. Qd3 Qc8 10. Nc3 Rd8 11. Rd1 Na6 12. e3 Nd5 13. Qe2 c5 14. Nxd5 Bxd5 15.
Ne5 Bxg2 16. Kxg2 Bxe5 17. dxe5 Qf5 18. e4 Qxe5 19. Bf4 Qe6 20. f3 Nb4 21. a3
Nc6 22. Rxd8+ Rxd8 23. Rd1 Nd4 24. Qf2 Qb6 25. h4 Ne6 26. Rxd8+ Qxd8 27. Be3 b6
28. Qc2 Qd7 29. b4 Qb5 30. bxc5 bxc5 31. f4 c4 32. f5 gxf5 33. exf5 Qd5+ 34.
Kh2 Nd4 35. Bxd4 Qxd4 36. Qe2 c3 37. Qxe7 c2 38. Qe8+ Kg7 39. f6+ Qxf6 40. Qc8
Qf2+ 0-1

[Event "21st Open"]
[Site "Oberwart"]
[Date "1999.07.14"]
[Round "5.6"]
[White "LAKOS, Nikoletta"]
[Black "GLEIZEROV, Evgeny"]
[Result "0-1"]
[WhiteElo "2335"]
[BlackElo "2520"]
[PlyCount "78"]
[EventDate "1999.07.14"]

1. e4 e6 2. d4 d5 3. Nd2 Nf6 4. e5 Nfd7 5. c3 c5 6. Bd3 Nc6 7. Ne2 cxd4 8. cxd4
f6 9. exf6 Nxf6 10. Nf3 Bd6 11. O-O Qc7 12. g3 O-O 13. Bf4 Ng4 14. Bxd6 Qxd6
15. Nc3 e5 16. dxe5 Ngxe5 17. Nxe5 Qxe5 18. Nxd5 Nd4 19. Nf4 b5 20. Qh5 Qxh5
21. Nxh5 Nf3+ 22. Kg2 Bb7 23. Rfd1 g5 24. h3 Nd4+ 25. Kg1 Bf3 26. Bxh7+ Kxh7
27. Rxd4 Bxh5 28. Rd5 Kh6 29. Rxb5 Rac8 30. Re1 Rc2 31. Re6+ Bg6 32. h4 gxh4
33. gxh4 Kg7 34. Rg5 Rf6 35. Rxf6 Kxf6 36. Ra5 Rc7 37. b4 Be4 38. Kf1 Bf3 39.
Ke1 Rd7 0-1

[Event "21st Open"]
[Site "Oberwart"]
[Date "1999.07.14"]
[Round "5.7"]
[White "KUPREICHIK, Viktor"]
[Black "FARAGO, Ivan"]
[Result "1-0"]
[WhiteElo "2429"]
[BlackElo "2512"]
[PlyCount "61"]
[EventDate "1999.07.14"]

1. e4 e6 2. d4 d5 3. Nc3 Bb4 4. e5 Ne7 5. Bd2 c5 6. f4 Nf5 7. Nf3 Nc6 8. dxc5
Bxc5 9. Bd3 Nh4 10. g3 Nxf3+ 11. Qxf3 Nb4 12. O-O-O Nxd3+ 13. Qxd3 O-O 14. Be3
Be7 15. g4 Bd7 16. f5 Bc6 17. Rhf1 Re8 18. f6 Bf8 19. Rf3 d4 20. Rh3 g6 21.
Bxd4 Qa5 22. Qg3 Red8 23. Rd3 h6 24. Be3 Rxd3 25. cxd3 Rc8 26. Bxh6 Bb5 27.
Bxf8 Qxa2 28. Bg7 Qa1+ 29. Kd2 Qxb2+ 30. Ke3 Qc1+ 31. Kf2 1-0

[Event "21st Open"]
[Site "Oberwart"]
[Date "1999.07.14"]
[Round "5.8"]
[White "KOVACS, Gabor"]
[Black "CVITAN, Ognjen"]
[Result "1/2-1/2"]
[WhiteElo "2331"]
[BlackElo "2511"]
[PlyCount "42"]
[EventDate "1999.07.14"]

1. d4 Nf6 2. Nf3 g6 3. g3 Bg7 4. Bg2 O-O 5. c4 d6 6. O-O Nbd7 7. Nc3 e5 8. e4
a6 9. h3 b5 10. cxb5 axb5 11. b4 c6 12. Qc2 Bb7 13. Rd1 Qe7 14. Be3 Rfc8 15.
Rab1 exd4 16. Nxd4 Ne5 17. a4 Nc4 18. Bc1 bxa4 19. Nxa4 Nd7 20. Qxc4 Rxa4 21.
Qc2 Rca8 {.} 1/2-1/2

[Event "21st Open"]
[Site "Oberwart"]
[Date "1999.07.14"]
[Round "5.9"]
[White "DANNER, Georg"]
[Black "WUKITS, Rene"]
[Result "1-0"]
[WhiteElo "2405"]
[BlackElo "2225"]
[PlyCount "43"]
[EventDate "1999.07.14"]

1. d4 Nf6 2. Nf3 e6 3. e3 d5 4. Bd3 c5 5. b3 Nc6 6. O-O Be7 7. Bb2 O-O 8. Nbd2
b6 9. Ne5 Bb7 10. a3 a5 11. f4 a4 12. Qe2 axb3 13. cxb3 cxd4 14. exd4 Qd6 15.
Rf3 g6 16. Rd1 Rxa3 17. Bxa3 Qxa3 18. Nxc6 Bxc6 19. f5 Bd7 20. fxg6 hxg6 21.
Rdf1 Kg7 22. Qe5 1-0

[Event "21st Open"]
[Site "Oberwart"]
[Date "1999.07.14"]
[Round "5.10"]
[White "TITZ, Heimo"]
[Black "LERNER, Konstantin"]
[Result "0-1"]
[WhiteElo "2310"]
[BlackElo "2588"]
[PlyCount "92"]
[EventDate "1999.07.14"]

1. c4 e6 2. Nf3 d5 3. d4 dxc4 4. Qa4+ Nd7 5. g3 a6 6. Qxc4 b5 7. Qc2 Bb7 8. Bg2
c5 9. dxc5 Bxc5 10. Nc3 Rc8 11. a3 Ngf6 12. O-O Qb6 13. Bd2 Ne4 14. Be1 Be7 15.
Rc1 O-O 16. Qb1 Bf6 17. Nxe4 Bxe4 18. Qa1 Nc5 19. Bb4 Rfd8 20. Nd4 Bxg2 21.
Kxg2 Na4 22. Rxc8 Rxc8 23. Rc1 Qb7+ 24. Nf3 Nxb2 25. Rxc8+ Qxc8 26. Qb1 Qc6 27.
h4 h6 28. Kg1 Nc4 29. Nd2 Nxd2 30. Bxd2 Qc4 31. e3 Bd8 32. Qe1 Qc2 33. Ba5 Be7
34. Bb4 Bf6 35. Kg2 Bb2 36. Be7 Qc3 37. Qd1 Bxa3 38. Qd8+ Kh7 39. Bxa3 Qxa3 40.
Qe8 Qc5 41. Qxf7 Qf5 42. Qa7 b4 43. Qxa6 b3 44. Qb6 Qe4+ 45. Kh2 Qc2 46. Qxe6
b2 0-1

[Event "21st Open"]
[Site "Oberwart"]
[Date "1999.07.14"]
[Round "5.11"]
[White "BURMAKIN, Vladimir"]
[Black "RUCK, Robert"]
[Result "1-0"]
[WhiteElo "2579"]
[BlackElo "2485"]
[PlyCount "119"]
[EventDate "1999.07.14"]

1. Nf3 d5 2. d4 Nc6 3. Bg5 f6 4. Bf4 Bg4 5. h3 Bh5 6. c3 Qd7 7. Nbd2 O-O-O 8.
b4 e5 9. Be3 e4 10. Ng1 f5 11. Nb3 h6 12. h4 Nf6 13. Qd2 Ng4 14. Bf4 Bd6 15.
Nh3 Bxf4 16. Qxf4 Ne7 17. Nc5 Qc6 18. e3 Bf7 19. Be2 Nf6 20. Qe5 Qe8 21. a4 Rd6
22. a5 Rg8 23. b5 Nd7 24. Qh2 g5 25. b6 a6 26. bxc7 Rc6 27. Na4 Rxc7 28. Qd6
Rg6 29. Qa3 Nc6 30. Nb6+ Nxb6 31. axb6 Rd7 32. hxg5 hxg5 33. Ng1 Qe7 34. Qa4
Bg8 35. Rh5 Nb8 36. Nh3 Rxb6 37. Rxg5 Bf7 38. Rxf5 Rc6 39. Re5 Qh4 40. Qa3 Kc7
41. Rb1 Rdd6 42. Rf5 Qh7 43. Rg5 Qh6 44. Qa5+ b6 45. Qa1 Kb7 46. Re5 Rc7 47.
Kd2 b5 48. Qa3 Nd7 49. Re7 Bg8 50. Ra1 Qf6 51. Rg7 Qxg7 52. Qxd6 Rc6 53. Qa3
Qxg2 54. Bxb5 Qxh3 55. Bxc6+ Kxc6 56. Qb4 Kc7 57. Rxa6 Qf1 58. Qa5+ Kc8 59.
Rc6+ Kb8 60. Qd8+ 1-0

[Event "21st Open"]
[Site "Oberwart"]
[Date "1999.07.14"]
[Round "5.12"]
[White "ZOEBISCH, Herbert"]
[Black "GOLUBOVIC, Boris"]
[Result "0-1"]
[WhiteElo "2283"]
[BlackElo "2457"]
[PlyCount "68"]
[EventDate "1999.07.14"]

1. d4 Nf6 2. c4 d6 3. Nc3 Nbd7 4. e4 e5 5. Nf3 g6 6. Be2 Bg7 7. d5 O-O 8. h4 a5
9. Bg5 h6 10. Be3 Ng4 11. Bd2 f5 12. exf5 gxf5 13. Nh2 Ndf6 14. Nf1 e4 15. g3
Ne5 16. Bf4 Nfd7 17. Qd2 Nc5 18. Bxe5 dxe5 19. O-O-O f4 20. gxf4 exf4 21. f3 e3
22. Nxe3 fxe3 23. Qxe3 Qd6 24. Rd2 Bd7 25. Rg1 Rf7 26. h5 Re8 27. Ne4 Nxe4 28.
fxe4 a4 29. a3 Qf4 30. Qxf4 Rxf4 31. Bd3 Rg4 32. Rdg2 Rxg2 33. Rxg2 Re5 34. c5
Be8 0-1

[Event "21st Open"]
[Site "Oberwart"]
[Date "1999.07.14"]
[Round "5.13"]
[White "PINGITZER, Harald"]
[Black "MARTINOVIC, Slobodan"]
[Result "0-1"]
[WhiteElo "2308"]
[BlackElo "2445"]
[PlyCount "92"]
[EventDate "1999.07.14"]

1. d4 Nf6 2. Nf3 g6 3. g3 Bg7 4. Bg2 O-O 5. O-O d6 6. b3 Nbd7 7. Bb2 e5 8. dxe5
Ng4 9. Qd2 dxe5 10. h3 Nh6 11. c4 Re8 12. Rd1 e4 13. Bxg7 Kxg7 14. Qc3+ f6 15.
Ng5 e3 16. fxe3 Qe7 17. Ne4 Ne5 18. Nbd2 Bd7 19. Nf2 Bc6 20. e4 Rad8 21. Nf1
Bd7 22. Rd2 b6 23. Rad1 Nhf7 24. Ne3 c6 25. a4 Be6 26. a5 Rxd2 27. Rxd2 h5 28.
Bf3 Qc7 29. Kg2 Rh8 30. axb6 axb6 31. Qa1 Qe7 32. Qc3 h4 33. gxh4 Rxh4 34. Neg4
Bxg4 35. Bxg4 Nxg4 36. hxg4 Ne5 37. Kg3 g5 38. Qd4 Qe6 39. Qd6 Rxg4+ 40. Nxg4
Qxg4+ 41. Kf2 Qh4+ 42. Kg1 g4 43. Qe7+ Kg6 44. Rd8 Qe1+ 45. Kh2 Qxe2+ 46. Kg1
Nf3+ 0-1

[Event "21st Open"]
[Site "Oberwart"]
[Date "1999.07.14"]
[Round "5.14"]
[White "WOHLFAHRT, Herbert"]
[Black "ZIMMERMAN, Yuri"]
[Result "1-0"]
[WhiteElo "2282"]
[BlackElo "2440"]
[PlyCount "39"]
[EventDate "1999.07.14"]

1. d4 g6 2. Nf3 Bg7 3. c4 Nf6 4. g3 O-O 5. Bg2 d6 6. O-O Nc6 7. Nc3 a6 8. b3
Rb8 9. Nd5 Nh5 10. Bb2 e6 11. Ne3 Bd7 12. Qd2 b5 13. d5 Bxb2 14. Qxb2 Ne7 15.
dxe6 fxe6 16. c5 Bc6 17. cxd6 cxd6 18. Rac1 Qd7 19. Ng4 Qb7 20. Nh6# 1-0

[Event "21st Open"]
[Site "Oberwart"]
[Date "1999.07.14"]
[Round "5.15"]
[White "IVANCSICS, Michael"]
[Black "BAUMEGGER, Siegfried"]
[Result "1-0"]
[WhiteElo "2248"]
[BlackElo "2409"]
[PlyCount "69"]
[EventDate "1999.07.14"]

1. d4 Nf6 2. c4 c5 3. d5 d6 4. Nc3 g6 5. Nf3 Bg7 6. g3 O-O 7. Bg2 a6 8. a4 e5
9. a5 Nbd7 10. e4 b5 11. axb6 Nxb6 12. b3 Ne8 13. O-O f5 14. Ng5 Nc7 15. exf5
Bxf5 16. Nce4 Rb8 17. Ne6 Bxe6 18. dxe6 Nxe6 19. Qxd6 Qxd6 20. Nxd6 Nd4 21.
Rxa6 h6 22. Nb7 Nd7 23. Rxg6 Ne2+ 24. Kh1 Nxc1 25. Rd6 Nf6 26. Rxc1 Ng4 27.
Bd5+ Kh8 28. f3 Ne3 29. Be4 Nf5 30. Rd7 Nd4 31. Nxc5 Rbc8 32. b4 Rfe8 33. Ra1
Bf8 34. Raa7 Nc6 35. Rh7+ 1-0

[Event "21st Open"]
[Site "Oberwart"]
[Date "1999.07.14"]
[Round "5.16"]
[White "SANDHU, Mario"]
[Black "WITTMANN, Walter"]
[Result "1/2-1/2"]
[WhiteElo "2248"]
[BlackElo "2364"]
[PlyCount "62"]
[EventDate "1999.07.14"]

1. e4 c5 2. Nf3 d6 3. Nc3 Nc6 4. Bb5 e5 5. O-O Nge7 6. Nd5 a6 7. Bxc6+ bxc6 8.
Nxe7 Bxe7 9. h3 g5 10. Nh2 h5 11. g4 hxg4 12. hxg4 d5 13. d3 Qd6 14. f3 Rh3 15.
Qe2 Qh6 16. c4 Be6 17. b3 f6 18. Rf2 Kf7 19. Bd2 Rh8 20. Rg2 Rh7 21. Be1 Qf8
22. Nf1 Rh1+ 23. Kf2 Qd8 24. Rd1 Bd6 25. Ng3 R1h2 26. Kg1 Rxg2+ 27. Qxg2 Bc7
28. Bc3 Ba5 29. Bxa5 Qxa5 30. Qd2 Qd8 31. Qc2 d4 {.} 1/2-1/2

[Event "21st Open"]
[Site "Oberwart"]
[Date "1999.07.14"]
[Round "5.17"]
[White "ZSINKA, Laszlo"]
[Black "KOENIG, Dietrich"]
[Result "1-0"]
[WhiteElo "2329"]
[BlackElo "2305"]
[PlyCount "119"]
[EventDate "1999.07.14"]

1. d4 g6 2. e4 Bg7 3. c4 d6 4. Nc3 Nd7 5. Be3 e5 6. d5 Nh6 7. f3 f5 8. Qd2 f4
9. Bf2 Nf7 10. O-O-O O-O 11. Bd3 c5 12. Nge2 a6 13. Kb1 Nf6 14. Nc1 Bd7 15. a3
b5 16. N1a2 Rb8 17. b4 bxc4 18. Bxc4 a5 19. b5 a4 20. Kc2 Qa5 21. Rb1 Rb6 22.
Rb2 Rfb8 23. Rhb1 Ne8 24. Be1 Nc7 25. Qe2 Qa7 26. Kc1 R6b7 27. Qc2 Bf6 28. Qxa4
Qxa4 29. Nxa4 Bxb5 30. Ba5 Ra8 31. Bxc7 Rxa4 32. Bxb5 Rxa3 33. Be8 Rxc7 34.
Bxf7+ Rxf7 35. Kc2 Bh4 36. Nc3 Bf2 37. Rb8+ Kg7 38. R1b7 c4 39. Rxf7+ Kxf7 40.
Rb7+ Kg8 41. Nb5 Ra2+ 42. Kc3 Bc5 43. Nc7 Rxg2 44. Ne6 Ba3 45. Rg7+ Kh8 46. Ra7
Bb2+ 47. Kxc4 h5 48. h4 Bc1 49. Ra8+ Kh7 50. Rd8 Ba3 51. Kb3 Bc5 52. Nxc5 dxc5
53. Re8 Kg7 54. Rxe5 Kf7 55. d6 Rd2 56. Re7+ Kf8 57. e5 Rd3+ 58. Kc4 Rxf3 59.
e6 Rf1 60. Rf7+ 1-0